| 000 | 00463cam a2200193ua 4500 | ||
|---|---|---|---|
| 001 | 11135 | ||
| 005 | 20260515114717.0 | ||
| 008 | 190829n ii |||gr||||Z||||||eng | ||
| 020 | _a9789386053664 | ||
| 040 | _cMAIN | ||
| 041 | _aeng | ||
| 082 | _a301.0954 | ||
| 100 |
_aB C Acharya, _eAuthor. |
||
| 245 |
_aIndian society _cBy B C Acharya |
||
| 260 |
_aNew Delhi: _bWisdom press, _c2017. |
||
| 300 | _a262p. | ||
| 653 | _aSociology & anthropology | ||
| 942 | _cBK | ||
| 999 |
_c9988 _d9988 |
||